01051nam a22002417a 4500003000400000005001700004008004100021040004600062050002700108100003300135245016000168260006600328300004400394500007800438504005600516546002000572650002700592650002400619650004100643650006200684700003100746700003200777OSt20260418024031.0250325b ||||| |||| 00| 0 eng d bEnglish.cCvSU-CCAT Campus Library.erda. aUM HF 5548.8bD35 2003 aDela Cruz, Hilda R., author. aSkills and work attitudes as perceived by the B.S.I.T Graduates Major in Electronics S.Y. 1996-1997 to 2000-2001 /cHilda R. Dela Cruz and Mindy P. Masbate aRosario, Cavite :bCavite State University-CCAT Campus,c2003 axi, 28 leaves :billustrations ;c28 cm aUndergraduate Thesis (BSIE) -- Cavite State University-CCAT Campus, 2003. aIncludes bibliographical references and appendices. aIn English text aProfessional attitudes aWorkplace readiness aEmployability and career development aBachelor of Science in Industrial Education -- Graduates. aMasbate, Mindy P., author. aBerbie, Lucila C., adviser.